Six Letter Girls Names (2015) Quiz Stats

 Plays Quiz not verified by Sporcle

Challenge
Share
Tweet
Embed
Score 0/279 Timer 20:00
0 Plays Today
Begins with Answer % Correct
OOlivia
97%
AAudrey
93.6%
EEvelyn
93.1%
HHannah
92.1%
AAngela
90.1%
AAmelia
89.1%
AAubrey
89.1%
AAshley
89.1%
SSophia
88.1%
VViolet
88.1%
AAlicia
88.1%
RRachel
86.2%
AAriana
85.1%
HHailey
85.1%
AAlyssa
85.1%
VVivian
85.1%
SSophie
85.1%
AAmanda
85.1%
AAlison
85.1%
PPeyton
83.2%
HHarper
82.2%
KKaylee
82.2%
LLauren
82.2%
IIsabel
82.2%
BBrooke
82.2%
AAlexis
81.2%
PPayton
81.2%
CClaire
79.2%
NNicole
79.2%
BBriana
78.2%
AAndrea
77.2%
GGracie
77.2%
HHaylee
77.2%
AAutumn
76.2%
LLilian
76.2%
TTaylor
75.2%
AAubree
75.2%
NNevaeh
74.3%
EEsther
74.3%
SStella
73.3%
BBailey
73.3%
JJuliet
73.3%
JJordan
73.3%
SSkylar
72.3%
GGianna
71.3%
SSkyler
71.3%
MMorgan
70.3%
MMariah
70.3%
HHayley
70.3%
JJasmin
70.3%
HHarley
69.3%
AAlexia
69.3%
SSienna
68.3%
AAshlyn
68.3%
KKelsey
68.3%
WWillow
67.3%
JJordyn
67.3%
AAliyah
66.3%
SSummer
66.3%
JJoanna
66.3%
CCamila
65.3%
LLondon
65.3%
EEmilie
65.3%
SSierra
64.4%
KKaylie
64.4%
RReagan
63.4%
JJessie
63.4%
AAlivia
62.4%
HHelena
62.4%
AAurora
61.4%
SSydney
61.4%
MMarley
61.4%
MMaggie
61.4%
HHadley
60.4%
AAdalyn
60.4%
EEmilia
60.4%
CCallie
60.4%
KKendra
60.4%
BBaylee
60.4%
AAlyson
60.4%
AAlissa
60.4%
EEliana
59.4%
HHeaven
59.4%
JJazmin
59.4%
AAlanna
59.4%
TTeresa
59.4%
SSandra
59.4%
SSharon
59.4%
MMelody
58.4%
HHailee
58.4%
HHallie
57.4%
CCarlee
57.4%
EEvalyn
57.4%
Begins with Answer % Correct
LLondyn
56.4%
AAdelyn
56.4%
AAmelie
56.4%
MMarina
56.4%
EElaine
56.4%
KKarlee
56.4%
SSelena
55.4%
BBrenda
54.5%
HHarlee
54.5%
XXimena
53.5%
HHayden
53.5%
LLeslie
53.5%
CCarmen
53.5%
AAubrie
53.5%
JJayden
53.5%
AAliana
53.5%
PParker
51.5%
PPhoebe
51.5%
SShelby
51.5%
SSylvia
51.5%
GGloria
51.5%
KKarlie
51.5%
SSerena
50.5%
KKarina
50.5%
AAlisha
50.5%
KKinley
49.5%
MMarlee
49.5%
FFatima
48.5%
RRaelyn
48.5%
KKaelyn
48.5%
KKailey
48.5%
EEmilee
48.5%
EElaina
47.5%
MMillie
47.5%
MMonica
47.5%
MMartha
47.5%
NNoelle
46.5%
KKenzie
46.5%
KKailyn
46.5%
HHadlee
46.5%
BBonnie
46.5%
DDenise
46.5%
MMiriam
45.5%
CCharli
45.5%
BBailee
44.6%
LLillie
44.6%
EEileen
44.6%
KKallie
44.6%
JJaylee
44.6%
AAmalia
44.6%
NNataly
44.6%
LLauryn
43.6%
LLeanna
43.6%
KKailee
43.6%
KCamryn
42.6%
JJaelyn
42.6%
TTeagan
41.6%
AAniyah
41.6%
AAnnika
41.6%
EEmelia
41.6%
AAryana
41.6%
SSidney
41.6%
KKaylin
40.6%
LLaylah
40.6%
FFinley
39.6%
AAlayna
39.6%
DDakota
39.6%
BBianca
39.6%
AAverie
39.6%
MMelany
39.6%
BBrenna
39.6%
LLouisa
39.6%
EEloise
38.6%
WWinter
38.6%
KKenley
37.6%
YYasmin
37.6%
AAthena
36.6%
EEverly
35.6%
RRaegan
35.6%
AAmiyah
35.6%
HHarlow
35.6%
BBrylee
35.6%
SShayla
35.6%
CCaylee
35.6%
JJudith
35.6%
DDanica
34.7%
RRaquel
34.7%
LLaurel
34.7%
KKamila
31.7%
KKamryn
31.7%
FFarrah
31.7%
HHunter
31.7%
HHattie
30.7%
Begins with Answer % Correct
AAileen
30.7%
MMaisie
30.7%
JJaycee
30.7%
TTenley
30.7%
KKimber
29.7%
KKayden
29.7%
AAvalyn
29.7%
JJazlyn
28.7%
RRegina
27.7%
ZZariah
26.7%
LLailah
26.7%
EEmerie
26.7%
CCeline
26.7%
MMaliah
26.7%
TTinley
26.7%
SSloane
25.7%
JJolene
25.7%
JJaylin
25.7%
JJimena
24.8%
JJaylah
24.8%
MMariam
24.8%
SSamara
24.8%
BBriley
24.8%
MMoriah
24.8%
SSawyer
23.8%
DDahlia
22.8%
CCarter
22.8%
MMaryam
22.8%
IIvanna
22.8%
PPaityn
22.8%
LLilith
21.8%
IIliana
21.8%
HHenley
20.8%
MMargot
20.8%
PPaloma
20.8%
SShiloh
19.8%
AAriyah
19.8%
AAviana
19.8%
WWynter
19.8%
MMelina
18.8%
OOakley
18.8%
KKynlee
18.8%
VVienna
18.8%
AAlayah
17.8%
AAnsley
17.8%
SSimone
17.8%
LLainey
16.8%
EElliot
16.8%
MMilana
16.8%
AAstrid
16.8%
IIngrid
16.8%
JJaniya
16.8%
DDallas
15.8%
MMilena
15.8%
TThalia
15.8%
YYareli
15.8%
AAzalea
14.9%
AAmirah
14.9%
AAnalia
14.9%
ZZainab
14.9%
MMaleah
13.9%
AAleena
12.9%
SSaylor
12.9%
KKarsyn
12.9%
AArmani
12.9%
AAiyana
12.9%
SSariah
12.9%
LLennon
11.9%
AAyleen
11.9%
DDayana
10.9%
MMilani
10.9%
MMeadow
10.9%
CChanel
10.9%
SSarahi
10.9%
ZZaylee
10.9%
SSutton
9.9%
KKarter
9.9%
LLennox
9.9%
AAminah
9.9%
LLandry
9.9%
AAzaria
9.9%
RRenata
8.9%
MMonroe
8.9%
NNeriah
7.9%
SStevie
7.9%
AAmaris
6.9%
KKalani
6.9%
KKimora
6.9%
MMalaya
5.9%
AAranza
5.9%
AAitana
4%
RRomina
3%
DDalary
3%

You're not logged in!

Compare scores with friends on all Sporcle quizzes.
Join for Free
OR
Log In

You Might Also Like...

Show Comments

Extras

Top Quizzes Today


Score Distribution

Your Account Isn't Verified!

In order to create a playlist on Sporcle, you need to verify the email address you used during registration. Go to your Sporcle Settings to finish the process.

Report this User

Report this user for behavior that violates our Community Guidelines.

Details: